000 00430cam a2200181ua 4500
020 _c6.80
041 _aeng
_h
082 _a823.308
_bBUT/WA
100 _aButler, Samuel .
245 _aWar of all flesh /
_cSamuel Butler.
_hTextual Documents
250 _a1 /
_b.
260 _aLondon :
_bJ M Dent and Sons Ltd ,
_c1959.
300 _a360 ; .
365 _a6.80
504 _a
942 _cBK
999 _c7874
_d7874